| Tag |
First Indicator |
Second Indicator |
Subfields |
| LEADER |
00000cam a2200000 i 4500 |
| 001 |
in00000037986 |
| 005 |
20151007080744.0 |
| 008 |
770824s1976 ncuaf b 00110 eng |
| 010 |
|
|
|a 76040864
|
| 020 |
|
|
|a 0822303779
|
| 035 |
|
|
|a (OCoLC)03294445
|
| 035 |
|
|
|9 AAF5324AM
|
| 040 |
|
|
|a DLC
|c DLC
|d TXA
|d UtOrBLW
|
| 043 |
|
|
|a a-is---
|
| 049 |
|
|
|a TXAM
|c [1159585]
|
| 050 |
0 |
0 |
|a DS101
|b .A45 vol. 42
|
| 090 |
|
|
|a DS101
|b .A45 vol.42
|
| 110 |
2 |
|
|a Joint Expedition to Khirbet Shema, 1970-1972.
|
| 245 |
1 |
0 |
|a Ancient synagogue excavations at Khirbet Shema, Upper Galilee, Israel, 1970-1972 /
|c Eric M. Meyers, director of the expedition, A. Thomas Kraabel, James F. Strange, associate director[s] of the expedition ; drawings by John F. Thompson ; with contributions by Reuben G. Bullard [and others].
|
| 264 |
|
1 |
|a Durham, N.C. :
|b Published for the American Schools of Oriental Research by Duke University Press,
|c 1976.
|
| 300 |
|
|
|a xxvii, 297 pages, 70 unnumbered leaves of plates :
|b illustrations ;
|c 29 cm.
|
| 336 |
|
|
|a text
|b txt
|2 rdacontent
|
| 337 |
|
|
|a unmediated
|b n
|2 rdamedia
|
| 338 |
|
|
|a volume
|b nc
|2 rdacarrier
|
| 490 |
1 |
|
|a The annual of the American Schools of Oriental Research ; v. 42
|
| 500 |
|
|
|a Final report of the Joint Expedition to Khirbet Shema, a project of the American Schools of Oriental Research and the W. F. Albright Institute of Archaeological Research in Jerusalem.
|
| 500 |
|
|
|a Includes indexes.
|
| 504 |
|
|
|a Bibliography: pages [261]-267.
|
| 650 |
|
0 |
|a Synagogue architecture
|z Israel.
|
| 651 |
|
0 |
|a Shema Site, Israel.
|
| 700 |
1 |
|
|a Meyers, Eric M.
|
| 700 |
1 |
|
|a Kraabel, A. Thomas.
|
| 700 |
1 |
|
|a Strange, James F.
|
| 710 |
2 |
|
|a American Schools of Oriental Research.
|
| 830 |
|
0 |
|a Annual of the American Schools of Oriental Research ;
|v v. 42.
|
| 999 |
|
|
|a MARS
|
| 999 |
f |
f |
|s 208926ca-6acc-37a0-8f87-232a92b6b4fa
|i fc233e8e-6bf7-3cbb-8fca-26e8f4df7b1c
|t 0
|
| 952 |
f |
f |
|p ric
|a Texas A&M University
|b Rellis Campus
|c Joint Library Facility
|d Remote Storage
|t 0
|e DS101 .A45 v.42
|h Library of Congress classification
|i unmediated -- volume
|m A14802029439
|
| 952 |
f |
f |
|p noncirc
|a Texas A&M University
|b College Station
|c Sterling C. Evans Library
|d Bodrum (located in Turkey)
|t 0
|e DS101 .A45 v.42
|h Library of Congress classification
|i unmediated -- volume
|
| 998 |
f |
f |
|a DS101 .A45 v.42
|t 0
|l Bodrum (located in Turkey)
|
| 998 |
f |
f |
|a DS101 .A45 v.42
|t 0
|l Remote Storage
|